[Event "Kronborg Chess Open 2022 Master 3"]
[Site "Helsingor"]
[Date "2022.05.26"]
[Round "1"]
[White "Bazilius, Augustinas"]
[Black "Eriksson, Christian Altenburg"]
[Result "1/2-1/2"]
[WhiteElo "2025"]
[BlackElo "2072"]
[PlyCount "112"]
[EventDate "2022.05.26"]
[EventType "tourn"]
[EventRounds "7"]
[EventCountry "DEN"]

1. d4 d5 2. c4 c6 3. Nf3 Nf6 4. g3 Bf5 5. Nc3 e6 6. Nh4 dxc4 7. Nxf5 exf5 8. e3
Nbd7 9. Bxc4 Nb6 10. Bd3 g6 11. O-O Be7 12. Rb1 h5 13. e4 fxe4 14. Nxe4 Qxd4
15. Be3 Qd7 16. Nxf6+ Bxf6 17. Qf3 Be7 18. Rbd1 Qg4 19. Qxg4 hxg4 20. Rfe1 Rd8
21. Bc5 Rd7 22. Bc2 Nc8 23. Re4 Rxd1+ 24. Bxd1 f5 25. Bd4 Rh6 26. Be3 fxe4 27.
Bxh6 Bf6 28. Bxg4 Nd6 29. b3 g5 30. h4 gxh4 31. gxh4 Bxh4 32. Bf4 Ke7 33. Bxd6+
Kxd6 34. Bc8 b6 35. Kf1 b5 36. Ke2 Bg5 37. f3 e3 38. Bf5 c5 39. Bd3 Kc6 40. Kd1
a6 41. a4 bxa4 42. bxa4 a5 43. Bc4 Kd6 44. Ke2 Ke5 45. Kd3 Kf4 46. Ke2 Kf5 47.
Kd3 Ke5 48. Ba2 e2 49. Kxe2 Kd4 50. Kd1 Kc3 51. Bb1 Kb2 52. Bh7 Ka3 53. Bc2 Kb4
54. Ke2 Bf4 55. Kd3 Bh6 56. Ke2 Kc3 1/2-1/2

[Event "Kronborg Chess Open 2022 Master 3"]
[Site "Helsingor"]
[Date "2022.05.26"]
[Round "1"]
[White "Perrenet, Jacob"]
[Black "Iskos, Lukas"]
[Result "0-1"]
[WhiteElo "2072"]
[BlackElo "2008"]
[PlyCount "74"]
[EventDate "2022.05.26"]
[EventType "tourn"]
[EventRounds "7"]
[EventCountry "DEN"]

1. Nc3 d5 2. e4 d4 3. Nce2 e5 4. Nf3 Nc6 5. Ng3 h5 6. Bb5 h4 7. Nf1 Qf6 8. h3
Qg6 9. Nxe5 Qxg2 10. Qf3 Qxf3 11. Nxf3 Bd7 12. d3 O-O-O 13. Bd2 f5 14. O-O-O
fxe4 15. dxe4 Re8 16. Bxc6 Bxc6 17. Nxd4 Bxe4 18. Rg1 Nf6 19. Ne3 Nd5 20. Nxd5
Bxd5 21. Be3 Rh5 22. a3 c5 23. Nb5 a6 24. c4 Bxc4 25. Nd6+ Bxd6 26. Rxd6 Re6
27. Rd2 g6 28. Bg5 Bb3 29. f4 Re3 30. Rd6 Rxh3 31. Re1 Rh7 32. Rxg6 Rd3 33. f5
h3 34. Bf4 Rhd7 35. Kb1 Rd1+ 36. Rxd1 Rxd1+ 37. Bc1 h2 0-1

[Event "Kronborg Chess Open 2022 Master 3"]
[Site "Helsingor"]
[Date "2022.05.26"]
[Round "1"]
[White "Jonsson, Gauti Pall"]
[Black "Agnello, Francesco Claudio"]
[Result "1-0"]
[WhiteElo "2065"]
[BlackElo "2030"]
[PlyCount "107"]
[EventDate "2022.05.26"]
[EventType "tourn"]
[EventRounds "7"]
[EventCountry "DEN"]

1. Nf3 d5 2. b3 Nf6 3. Bb2 g6 4. e3 Bg7 5. d4 O-O 6. Bd3 c5 7. Nbd2 Nc6 8. O-O
Bg4 9. h3 Bf5 10. Bxf5 gxf5 11. Ne5 Nxe5 12. dxe5 Ne4 13. Nxe4 dxe4 14. Qh5 e6
15. Rfd1 Qe7 16. Rd6 f6 17. Rad1 Rad8 18. exf6 Bxf6 19. Bxf6 Qxf6 20. Rd7 Rxd7
21. Rxd7 Rf7 22. Qd1 Rxd7 23. Qxd7 Qa1+ 24. Kh2 Qe5+ 25. g3 Qd5 26. Qe8+ Kg7
27. Qe7+ Kg6 28. c4 Qc6 29. h4 Qc8 30. Kh3 a6 31. h5+ Kxh5 32. Qxh7+ Kg5 33.
Qg7+ Kh5 34. g4+ fxg4+ 35. Qxg4+ Kh6 36. Qxe4 b5 37. Kg3 bxc4 38. Qxc4 Qc6 39.
Qf4+ Kg6 40. Qg4+ Kh6 41. e4 c4 42. bxc4 Qxc4 43. a3 a5 44. Qf4+ Kg6 45. Kh4 a4
46. Qg4+ Kf7 47. e5 Qb3 48. Qg3 Qd1 49. Kg5 Ke7 50. Kg6 Qb3 51. Qe3 Qb1+ 52.
Kg7 Qg1+ 53. Qg3 Qa1 54. Qh4+ 1-0

[Event "Kronborg Chess Open 2022 Master 3"]
[Site "Helsingor"]
[Date "2022.05.26"]
[Round "1"]
[White "Gregor, Bjarke"]
[Black "Brattgjerd, Isak Vinh"]
[Result "1/2-1/2"]
[WhiteElo "2083"]
[BlackElo "2039"]
[PlyCount "93"]
[EventDate "2022.05.26"]
[EventType "tourn"]
[EventRounds "7"]
[EventCountry "DEN"]

1. e4 d6 2. d4 Nf6 3. Nc3 Nbd7 4. Nf3 e5 5. Rg1 g6 6. Be3 c6 7. g4 Qc7 8. g5
Nh5 9. a3 Be7 10. Qd2 O-O 11. O-O-O a6 12. Be2 b5 13. Nh4 Ng7 14. f4 exf4 15.
Bxf4 a5 16. e5 dxe5 17. dxe5 Ne6 18. Nf3 b4 19. axb4 axb4 20. Nb1 Ra5 21. Bg3
Nb6 22. h4 Bc5 23. Bd3 Bxg1 24. Rxg1 c5 25. h5 Bb7 26. Nh4 c4 27. hxg6 fxg6 28.
Bxg6 hxg6 29. Nxg6 c3 30. Qh2 cxb2+ 31. Kxb2 Nc4+ 32. Kc1 Qh7 33. Qxh7+ Kxh7
34. Nxf8+ Nxf8 35. Rf1 Kg7 36. Be1 Ra4 37. Rf4 Bd5 38. Rd4 Be6 39. Nd2 Ra1+ 40.
Nb1 Ra4 41. Nd2 Nxe5 42. Kb2 Ra2+ 43. Kb1 Ra4 44. Nb3 Bxb3 45. cxb3 Ra3 46. Kb2
Ne6 47. Bxb4 1/2-1/2

[Event "Kronborg Chess Open 2022 Master 3"]
[Site "Helsingor"]
[Date "2022.05.26"]
[Round "2"]
[White "Bazilius, Augustinas"]
[Black "Perrenet, Jacob"]
[Result "1-0"]
[WhiteElo "2025"]
[BlackElo "2072"]
[PlyCount "39"]
[EventDate "2022.05.26"]
[EventType "tourn"]
[EventRounds "7"]
[EventCountry "DEN"]

1. d4 Nc6 2. d5 Ne5 3. f4 Ng6 4. e4 e5 5. dxe6 fxe6 6. Nf3 Nf6 7. Nc3 Bb4 8.
Bd3 d6 9. O-O Qe7 10. Ng5 e5 11. Nd5 Bc5+ 12. Kh1 Nxd5 13. exd5 Bd7 14. f5
O-O-O 15. fxg6 hxg6 16. Rf7 Qe8 17. Bxg6 Rh6 18. Qd3 Qh8 19. Nh7 e4 20. Bxe4
1-0

[Event "Kronborg Chess Open 2022 Master 3"]
[Site "Helsingor"]
[Date "2022.05.26"]
[Round "2"]
[White "Iskos, Lukas"]
[Black "Jonsson, Gauti Pall"]
[Result "1-0"]
[WhiteElo "2008"]
[BlackElo "2065"]
[PlyCount "81"]
[EventDate "2022.05.26"]
[EventType "tourn"]
[EventRounds "7"]
[EventCountry "DEN"]

1. d4 e6 2. Bf4 f5 3. e3 Nf6 4. Nf3 b6 5. Be2 Bb7 6. O-O Be7 7. c4 O-O 8. Nc3
Nh5 9. Bg3 Nxg3 10. hxg3 d6 11. b4 Nd7 12. Qb3 Rf6 13. Rfd1 Rh6 14. d5 e5 15.
e4 Qf8 16. Bd3 f4 17. gxf4 Qxf4 18. Ne2 Qf7 19. Rac1 g5 20. Ng3 g4 21. Nf5 Rh5
22. Nh2 Nf6 23. c5 g3 24. fxg3 Rxh2 25. Be2 Nxe4 26. Nxe7+ Qxe7 27. Kxh2 Rf8
28. Qe3 Ng5 29. c6 Qg7 30. g4 Qh6+ 31. Kg3 Bc8 32. Rf1 Rf4 33. Rxf4 exf4+ 34.
Qxf4 Ne4+ 35. Qxe4 Qxc1 36. Qe8+ Kg7 37. Qe7+ Kg8 38. Qd8+ Kg7 39. Qxc7+ Kf6
40. Qxd6+ Kg7 41. Qc7+ 1-0

[Event "Kronborg Chess Open 2022 Master 3"]
[Site "Helsingor"]
[Date "2022.05.26"]
[Round "2"]
[White "Agnello, Francesco Claudio"]
[Black "Gregor, Bjarke"]
[Result "0-1"]
[WhiteElo "2030"]
[BlackElo "2083"]
[PlyCount "72"]
[EventDate "2022.05.26"]
[EventType "tourn"]
[EventRounds "7"]
[EventCountry "DEN"]

1. e4 c6 2. c4 d5 3. exd5 cxd5 4. cxd5 Nf6 5. Bb5+ Bd7 6. Bc4 Qc7 7. d3 b5 8.
Bb3 Na6 9. Ne2 Nb4 10. Nbc3 Qb7 11. Nf4 g5 12. a3 gxf4 13. axb4 Bh6 14. Ne4 Qb6
15. Qf3 Nxe4 16. dxe4 Qd6 17. Bd2 Rg8 18. h3 Rg6 19. Bc3 f6 20. Bc2 Rg5 21. Bd2
Rc8 22. Bd3 Qe5 23. Bxf4 Qxb2 24. Rb1 Qc3+ 25. Bd2 Qd4 26. Bxg5 Bxg5 27. O-O
Rc3 28. Rfd1 Kd8 29. Bxb5 Qe5 30. Rd3 Rc7 31. Bxd7 Rxd7 32. Qf5 Qc7 33. Qxh7
Qc2 34. Rdd1 Kc7 35. Qf5 Qc3 36. Kh1 Kd8 0-1

[Event "Kronborg Chess Open 2022 Master 3"]
[Site "Helsingor"]
[Date "2022.05.26"]
[Round "2"]
[White "Eriksson, Christian Altenburg"]
[Black "Brattgjerd, Isak Vinh"]
[Result "1-0"]
[WhiteElo "2072"]
[BlackElo "2039"]
[PlyCount "159"]
[EventDate "2022.05.26"]
[EventType "tourn"]
[EventRounds "7"]
[EventCountry "DEN"]

1. e4 d6 2. d4 Nf6 3. Nc3 Nbd7 4. g3 e5 5. Bg2 Be7 6. Nf3 c6 7. O-O Qc7 8. a4
O-O 9. Re1 b6 10. h3 h5 11. Bg5 Re8 12. Qd2 a6 13. b3 Bb7 14. Rad1 b5 15. Nh4
g6 16. Kh2 Nf8 17. dxe5 dxe5 18. f4 Ne6 19. Bxf6 Bxf6 20. f5 Rad8 21. Qf2 Bxh4
22. fxe6 Bg5 23. h4 Bh6 24. Rf1 Rf8 25. exf7+ Kh7 26. axb5 Rxd1 27. Nxd1 cxb5
28. Nb2 Bc8 29. Nd3 Bg7 30. Qc5 Qxc5 31. Nxc5 Bh8 32. Bh3 Bg7 33. Ne6 Bxe6 34.
Bxe6 Rd8 35. Bd5 b4 36. Ra1 Rd6 37. Kg2 Bf8 38. Kf3 Rf6+ 39. Ke2 Kg7 40. Rf1
Rd6 41. Bc4 Rd7 42. Ra1 Rd6 43. Bxa6 Kxf7 44. Bc4+ Kg7 45. Ra7+ Kh6 46. Bg8 Bg7
47. Rb7 Rc6 48. Bc4 Bf8 49. Rf7 Bc5 50. Bd5 Rb6 51. Rc7 Bf8 52. Bg8 Bg7 53. c4
bxc3 54. Rxc3 g5 55. hxg5+ Kxg5 56. Bd5 Kg4 57. Kf2 Bf6 58. Kg2 Rb4 59. Rf3 Rb6
60. Bc4 Kg5 61. Be2 Kg6 62. Bc4 Rb4 63. Rd3 Rb7 64. Rd5 Kg5 65. Rd1 h4 66.
gxh4+ Kxh4 67. Kf3 Kh5 68. Rg1 Bg5 69. Bd5 Rb6 70. Ke2 Kg6 71. Kd3 Kf6 72. Rf1+
Bf4 73. Kc4 Ke7 74. b4 Be3 75. Rf7+ Kd8 76. b5 Bd4 77. Bc6 Kc8 78. Kd5 Rb8 79.
Kd6 Bb6 80. Bd5 1-0

[Event "Kronborg Chess Open 2022 Master 3"]
[Site "Helsingor"]
[Date "2022.05.27"]
[Round "3"]
[White "Jonsson, Gauti Pall"]
[Black "Bazilius, Augustinas"]
[Result "1/2-1/2"]
[WhiteElo "2065"]
[BlackElo "2025"]
[PlyCount "124"]
[EventDate "2022.05.26"]
[EventType "tourn"]
[EventRounds "7"]
[EventCountry "DEN"]

1. e4 c5 2. Nf3 a6 3. c4 Nc6 4. d4 cxd4 5. Nxd4 e5 6. Nf5 d6 7. Nc3 g6 8. Ne3
Bh6 9. Bd3 Nf6 10. Ned5 Bxc1 11. Rxc1 Be6 12. O-O O-O 13. Kh1 Rc8 14. Qd2 Nd4
15. f4 Bxd5 16. exd5 Nd7 17. f5 Nf6 18. Rce1 b5 19. cxb5 axb5 20. Nxb5 Qb6 21.
Nc3 Kg7 22. Qf2 Rb8 23. Rb1 Nxf5 24. Bxf5 Qxf2 25. Rxf2 gxf5 26. Rxf5 Rb4 27.
Rbf1 Nd7 28. Nd1 Rd4 29. Ne3 Nb6 30. Rg5+ Kh8 31. g3 f6 32. Rh5 Nxd5 33. Nf5
Rd2 34. Nxd6 Ne3 35. Re1 Rxd6 36. Rxe3 Rd1+ 37. Kg2 Rd2+ 38. Kf3 Rxb2 39. a3
Kg7 40. Rh4 Rfb8 41. Ke4 Ra8 42. Kf5 Rf2+ 43. Ke6 Ra6+ 44. Kd5 Ra2 45. Rg4+ Kf7
46. Rh4 Kg6 47. Rg4+ Kf5 48. Rg7 R2xa3 49. Rxa3 Rxa3 50. Rxh7 Rd3+ 51. Kc4 Rd2
52. Kc3 Rd6 53. Rg7 e4 54. Re7 Rd8 55. Kc4 Rd2 56. h4 Rd3 57. g4+ Kf4 58. g5
fxg5 59. hxg5 Rd6 60. Kc5 Rd8 61. g6 Kg5 62. Rxe4 Kxg6 1/2-1/2

[Event "Kronborg Chess Open 2022 Master 3"]
[Site "Helsingor"]
[Date "2022.05.27"]
[Round "3"]
[White "Perrenet, Jacob"]
[Black "Eriksson, Christian Altenburg"]
[Result "0-1"]
[WhiteElo "2072"]
[BlackElo "2072"]
[PlyCount "29"]
[EventDate "2022.05.26"]
[EventType "tourn"]
[EventRounds "7"]
[EventCountry "DEN"]

1. Nc3 c5 2. Nf3 Nc6 3. d4 cxd4 4. Nxd4 Nf6 5. e3 e5 6. Nb3 d5 7. Bd2 Be6 8.
Bb5 Bd6 9. Qe2 O-O 10. Na4 Nb4 11. Bxb4 Bxb4+ 12. c3 Be7 13. Nac5 Bc8 14. O-O-O
Qc7 15. Kb1 0-1

[Event "Kronborg Chess Open 2022 Master 3"]
[Site "Helsingor"]
[Date "2022.05.27"]
[Round "3"]
[White "Gregor, Bjarke"]
[Black "Iskos, Lukas"]
[Result "1-0"]
[WhiteElo "2083"]
[BlackElo "2008"]
[PlyCount "160"]
[EventDate "2022.05.26"]
[EventType "tourn"]
[EventRounds "7"]
[EventCountry "DEN"]

1. e4 c6 2. d4 d5 3. Nd2 dxe4 4. Nxe4 Nf6 5. Nxf6+ exf6 6. c3 Bd6 7. Bd3 O-O 8.
Qc2 Re8+ 9. Ne2 h5 10. Bd2 Nd7 11. O-O-O Nf8 12. Kb1 Be6 13. c4 Rc8 14. f4 f5
15. Bc3 a6 16. Rde1 g6 17. g4 fxg4 18. f5 gxf5 19. Bxf5 Qg5 20. Bd3 b5 21. c5
Bc7 22. Bd2 Qd5 23. Nc3 Qxd4 24. Ne4 Nd7 25. Bc3 Qd5 26. Qd2 b4 27. Bxb4 Bf5
28. Qc2 Re6 29. Rhf1 Rce8 30. Rxf5 Qxf5 31. Rf1 Qxf1+ 32. Bxf1 Rxe4 33. a3 a5
34. Bd3 axb4 35. Bxe4 b3 36. Bh7+ Kh8 37. Qxb3 Re1+ 38. Ka2 Kxh7 39. Qxf7+ Kh8
40. Qxh5+ Kg7 41. Qxg4+ Kf8 42. Qxd7 Be5 43. Qc8+ Ke7 44. Qb7+ Kd8 45. Qa8+ Kd7
46. Qb7+ Bc7 47. Qb4 Rh1 48. Qg4+ Kd8 49. Qg2 Rxh2 50. Qxc6 Re2 51. Qd5+ Ke7
52. c6 Be5 53. Qc5+ Kf6 54. Qf8+ Ke6 55. Qh6+ Kd5 56. Qh1+ Ke6 57. Qh3+ Ke7 58.
Qh7+ Ke6 59. Qg6+ Ke7 60. Qh7+ Ke6 61. Qd7+ Kf6 62. Kb3 Rxb2+ 63. Ka4 Rc2 64.
Qd8+ Ke6 65. Qd7+ Kf6 66. Kb5 Rb2+ 67. Kc4 Rc2+ 68. Kb5 Rb2+ 69. Ka6 Rc2 70. a4
Rc1 71. Kb7 Rb1+ 72. Ka6 Rc1 73. a5 Rc2 74. Qd8+ Ke6 75. Qd7+ Kf6 76. Ka7 Ra2
77. Qd8+ Kf5 78. Qf8+ Ke4 79. Qb4+ Bd4+ 80. Kb7 Kd5 1-0

[Event "Kronborg Chess Open 2022 Master 3"]
[Site "Helsingor"]
[Date "2022.05.27"]
[Round "3"]
[White "Brattgjerd, Isak Vinh"]
[Black "Agnello, Francesco Claudio"]
[Result "0-1"]
[WhiteElo "2039"]
[BlackElo "2030"]
[PlyCount "100"]
[EventDate "2022.05.26"]
[EventType "tourn"]
[EventRounds "7"]
[EventCountry "DEN"]

1. d4 d5 2. Nc3 Nf6 3. Bf4 c5 4. e3 cxd4 5. exd4 a6 6. Nf3 Nc6 7. Ne5 e6 8.
Nxc6 bxc6 9. Na4 Bd6 10. Bxd6 Qxd6 11. Bd3 O-O 12. O-O a5 13. Re1 Ba6 14. c3
Bxd3 15. Qxd3 Nd7 16. Qg3 Qxg3 17. hxg3 h5 18. f3 Rfb8 19. b3 Kf8 20. Rac1 Ke7
21. c4 Kd6 22. c5+ Kc7 23. Kf2 Rb4 24. Rcd1 Re8 25. Re3 f6 26. a3 Rbb8 27. Rde1
e5 28. f4 e4 29. g4 hxg4 30. f5 g6 31. Kg3 Rg8 32. Rf1 gxf5 33. Rxf5 Rg6 34.
Nc3 Nf8 35. Ne2 Ne6 36. Rh5 Rg7 37. Rh6 Rf8 38. b4 a4 39. Kf2 Kd7 40. g3 f5 41.
Ke1 f4 42. gxf4 Nxf4 43. Nxf4 Rxf4 44. Rh4 Rf3 45. Rxf3 exf3 46. Kf1 g3 47. Rf4
g2+ 48. Kg1 Rg3 49. Rf7+ Ke6 50. Rf8 Rh3 0-1

[Event "Kronborg Chess Open 2022 Master 3"]
[Site "Helsingor"]
[Date "2022.05.28"]
[Round "4"]
[White "Bazilius, Augustinas"]
[Black "Gregor, Bjarke"]
[Result "1-0"]
[WhiteElo "2025"]
[BlackElo "2083"]
[PlyCount "95"]
[EventDate "2022.05.26"]
[EventType "tourn"]
[EventRounds "7"]
[EventCountry "DEN"]

1. d4 Nf6 2. c4 e6 3. Nf3 d5 4. g3 Bb4+ 5. Bd2 Bd6 6. Bg2 c6 7. Qc2 O-O 8. O-O
Nbd7 9. Rd1 Ne4 10. Nc3 f5 11. Rab1 Qe7 12. b3 Ndf6 13. Na4 Bd7 14. Nb2 Be8 15.
c5 Bc7 16. Nd3 Bh5 17. Bf4 Rae8 18. Bxc7 Qxc7 19. Nfe5 Nd7 20. Nxd7 Qxd7 21.
Ne5 Qd8 22. b4 a6 23. a4 Bxe2 24. Qxe2 Nc3 25. Qd3 Nxd1 26. Qxd1 f4 27. b5 cxb5
28. axb5 Qa5 29. bxa6 Qxa6 30. Bf1 Qa2 31. Qb3 Qxb3 32. Rxb3 Re7 33. Bh3 g5 34.
Rb6 Rf6 35. Bg4 Kg7 36. Kg2 fxg3 37. hxg3 Rh6 38. Nf3 Kf6 39. Ne5 Kg7 40. Rd6
Rf6 41. Nd7 Rff7 42. Nb6 Rf6 43. Nc8 Rc7 44. Rxe6 h5 45. Nd6 hxg4 46. Rxf6 Kxf6
47. Ne8+ Ke7 48. Nxc7 1-0

[Event "Kronborg Chess Open 2022 Master 3"]
[Site "Helsingor"]
[Date "2022.05.28"]
[Round "4"]
[White "Perrenet, Jacob"]
[Black "Jonsson, Gauti Pall"]
[Result "1/2-1/2"]
[WhiteElo "2072"]
[BlackElo "2065"]
[PlyCount "71"]
[EventDate "2022.05.26"]
[EventType "tourn"]
[EventRounds "7"]
[EventCountry "DEN"]

1. Nc3 e6 2. Nf3 d5 3. d4 Nf6 4. Bg5 Be7 5. Bxf6 Bxf6 6. e4 dxe4 7. Nxe4 b6 8.
Bb5+ Bd7 9. Bd3 Bc6 10. c3 Nd7 11. Qc2 g6 12. O-O-O Qe7 13. Rhe1 O-O 14. h4
Bxh4 15. Rh1 Bxe4 16. Bxe4 Bg5+ 17. Kb1 Rad8 18. Rh3 f5 19. Bd3 Bf4 20. Bc4
Rfe8 21. Re1 Qf6 22. Qb3 Nf8 23. Rhh1 Kg7 24. Re2 Bd6 25. Rhe1 Re7 26. Bxe6
Rde8 27. d5 c6 28. Nd4 cxd5 29. Bxd5 Rxe2 30. Rxe2 Rxe2 31. Nxe2 Qe5 32. Qd1
Bc5 33. f4 Qe3 34. b4 Be7 35. Qd4+ Qxd4 36. Nxd4 1/2-1/2

[Event "Kronborg Chess Open 2022 Master 3"]
[Site "Helsingor"]
[Date "2022.05.28"]
[Round "4"]
[White "Iskos, Lukas"]
[Black "Brattgjerd, Isak Vinh"]
[Result "0-1"]
[WhiteElo "2008"]
[BlackElo "2039"]
[PlyCount "86"]
[EventDate "2022.05.26"]
[EventType "tourn"]
[EventRounds "7"]
[EventCountry "DEN"]

1. d4 f5 2. Bg5 h6 3. Bh4 g5 4. Bg3 Nf6 5. e3 d6 6. c4 Bg7 7. Nc3 e6 8. Bd3 O-O
9. h4 g4 10. Nge2 Qe8 11. Qc2 Nc6 12. a3 Nh5 13. Nb5 Qf7 14. d5 Ne5 15. Bxe5
dxe5 16. e4 exd5 17. cxd5 fxe4 18. Bxe4 Qxf2+ 19. Kd1 Bd7 20. Nxc7 Rac8 21. d6
Rf6 22. Qd3 Bf8 23. Nd5 Rxd6 24. Rc1 Nf6 25. Rxc8 Bxc8 26. Nec3 Qd4 27. Nxf6+
Rxf6 28. Bd5+ Kg7 29. Qxd4 exd4 30. Ne4 Rf5 31. Bc4 Re5 32. Rf1 Be7 33. Rf7+
Kg6 34. h5+ Kxh5 35. Bd3 Bh4 36. g3 Bg5 37. Nd6 Be6 38. Rxb7 Re3 39. Bc2 Bd5
40. Nf5 Bf3+ 41. Kd2 Rb3+ 42. Ke1 Rxb7 43. Kf2 Be3+ 0-1

[Event "Kronborg Chess Open 2022 Master 3"]
[Site "Helsingor"]
[Date "2022.05.28"]
[Round "4"]
[White "Eriksson, Christian Altenburg"]
[Black "Agnello, Francesco Claudio"]
[Result "1/2-1/2"]
[WhiteElo "2072"]
[BlackElo "2030"]
[PlyCount "95"]
[EventDate "2022.05.26"]
[EventType "tourn"]
[EventRounds "7"]
[EventCountry "DEN"]

1. e4 c5 2. c3 d5 3. exd5 Qxd5 4. d4 Nc6 5. Nf3 e5 6. Nxe5 Nxe5 7. dxe5 Qxe5+
8. Be3 Bd7 9. Na3 Nf6 10. Qf3 Qd5 11. Nb5 Qxf3 12. gxf3 Nd5 13. O-O-O Nxe3 14.
fxe3 Ke7 15. Nc7 Rc8 16. Nd5+ Ke8 17. h4 Be7 18. h5 Bd8 19. Bh3 Bxh3 20. Rxh3
g5 21. e4 h6 22. Ne3 Bc7 23. Nf5 Bf4+ 24. Kc2 Rd8 25. Rhh1 b6 26. a4 Rd7 27.
Kb3 Kd8 28. Kc4 Rxd1 29. Rxd1+ Kc7 30. b4 cxb4 31. cxb4 a6 32. Ne7 Be5 33. Kb3
Re8 34. Rc1+ Kb7 35. Nf5 Re6 36. b5 axb5 37. axb5 Bf4 38. Rc6 g4 39. fxg4 Rxc6
40. bxc6+ Kxc6 41. Kc4 b5+ 42. Kd4 f6 43. Ne7+ Kd6 44. Nf5+ Ke6 45. Ng7+ Kf7
46. Nf5 Ke6 47. Ng7+ Kf7 48. Nf5 1/2-1/2

[Event "Kronborg Chess Open 2022 Master 3"]
[Site "Helsingor"]
[Date "2022.05.28"]
[Round "5"]
[White "Brattgjerd, Isak Vinh"]
[Black "Bazilius, Augustinas"]
[Result "1/2-1/2"]
[WhiteElo "2039"]
[BlackElo "2025"]
[PlyCount "31"]
[EventDate "2022.05.26"]
[EventType "tourn"]
[EventRounds "7"]
[EventCountry "DEN"]

1. d4 Nf6 2. Nc3 g6 3. Bf4 Bg7 4. e4 d6 5. Qd2 c6 6. f3 b5 7. O-O-O h5 8. Qe3
Qb6 9. Nge2 Nbd7 10. h4 b4 11. Nb1 c5 12. dxc5 Nxc5 13. Nd2 O-O 14. Kb1 a5 15.
Nc4 Qb7 16. Bh6 1/2-1/2

[Event "Kronborg Chess Open 2022 Master 3"]
[Site "Helsingor"]
[Date "2022.05.28"]
[Round "5"]
[White "Gregor, Bjarke"]
[Black "Perrenet, Jacob"]
[Result "1-0"]
[WhiteElo "2083"]
[BlackElo "2072"]
[PlyCount "61"]
[EventDate "2022.05.26"]
[EventType "tourn"]
[EventRounds "7"]
[EventCountry "DEN"]

1. e4 Nc6 2. Nf3 f5 3. exf5 d5 4. Bb5 Nf6 5. Ne5 Bd7 6. Bxc6 bxc6 7. d4 Bxf5 8.
g4 Be4 9. f3 Bg6 10. Bf4 e6 11. Qe2 Qc8 12. Nxc6 Bd6 13. Ne5 Rb8 14. Nxg6 hxg6
15. Bxd6 cxd6 16. c3 Kf7 17. Na3 e5 18. O-O-O Re8 19. dxe5 dxe5 20. Rhe1 Kf8
21. Qc2 Qb7 22. b3 Qe7 23. Kb2 Rec8 24. g5 Nd7 25. Rxd5 Nb6 26. Ra5 Rc5 27.
Rxc5 Qxc5 28. Nb1 a5 29. Qxg6 Qf2+ 30. Ka1 Na4 31. Qd6+ 1-0

[Event "Kronborg Chess Open 2022 Master 3"]
[Site "Helsingor"]
[Date "2022.05.28"]
[Round "5"]
[White "Jonsson, Gauti Pall"]
[Black "Eriksson, Christian Altenburg"]
[Result "0-1"]
[WhiteElo "2065"]
[BlackElo "2072"]
[PlyCount "92"]
[EventDate "2022.05.26"]
[EventType "tourn"]
[EventRounds "7"]
[EventCountry "DEN"]

1. e4 c5 2. Nc3 Nc6 3. Bb5 Nd4 4. Bc4 e6 5. Nge2 Nf6 6. O-O a6 7. d3 b5 8. Bb3
Nxb3 9. axb3 Bb7 10. f4 Qb6 11. Kh1 Be7 12. Be3 d6 13. b4 Qc6 14. bxc5 dxc5 15.
Ng3 h5 16. Qf3 h4 17. Nge2 h3 18. g4 O-O-O 19. Nd1 Nd7 20. Nf2 f5 21. Ng3 g6
22. Bd2 Bf6 23. Rab1 Bd4 24. Be3 Bxe3 25. Qxe3 Nf6 26. g5 Nh5 27. Nxh5 Rxh5 28.
b4 c4 29. Rbd1 Rhh8 30. Rg1 Qc7 31. dxc4 Qxc4 32. c3 Kc7 33. Rd4 Rxd4 34. cxd4
Qxb4 35. Rc1+ Kb8 36. Nd3 Qa3 37. d5 fxe4 38. Qd4 Rd8 39. Rc3 Qd6 40. Nb4 exd5
41. Rxh3 Rc8 42. Rh7 a5 43. Qg7 Rc7 44. Rh8+ Ka7 45. Qd4+ Qc5 46. Qxc5+ Rxc5
0-1

[Event "Kronborg Chess Open 2022 Master 3"]
[Site "Helsingor"]
[Date "2022.05.28"]
[Round "5"]
[White "Agnello, Francesco Claudio"]
[Black "Iskos, Lukas"]
[Result "0-1"]
[WhiteElo "2030"]
[BlackElo "2008"]
[PlyCount "116"]
[EventDate "2022.05.26"]
[EventType "tourn"]
[EventRounds "7"]
[EventCountry "DEN"]

1. e4 c6 2. c4 d5 3. exd5 cxd5 4. d4 dxc4 5. Bxc4 Nf6 6. Nc3 a6 7. a3 b5 8. Ba2
Bb7 9. Nf3 e6 10. O-O Be7 11. Qd3 O-O 12. Re1 Nbd7 13. Bb1 Re8 14. Bg5 Nf8 15.
h4 Bxf3 16. Qxf3 Qxd4 17. g3 Rad8 18. Bc2 h6 19. Be3 Qg4 20. Qb7 Qh3 21. Qxa6
Ng4 22. Be4 Rd2 23. Bg2 Qh2+ 24. Kf1 Rxb2 25. Nxb5 Nxe3+ 26. Rxe3 Bc5 27. Rf3
Rb8 28. a4 Rd8 29. Qb7 Rd7 30. Qc6 Rd5 31. Nc3 Re5 32. Nd1 Rbe2 33. Nc3 Rc2 34.
Nd1 Bxf2 35. Nxf2 Rxc6 36. Ng4 Qxg2+ 37. Kxg2 Rc2+ 38. Rf2 Rxf2+ 39. Kxf2 Ra5
40. Ne3 Nd7 41. Nd1 Nc5 42. Nb2 Kf8 43. Ke3 Ke7 44. Ra3 e5 45. g4 Ke6 46. Kd2
Kd5 47. Kc3 h5 48. gxh5 f5 49. Kb4 Ra8 50. Rg3 Rb8+ 51. Ka3 Rb7 52. Nd1 f4 53.
Rg6 Rb3+ 54. Ka2 Rg3 55. a5 Rxg6 56. hxg6 Ke6 57. Ka3 e4 58. Kb4 e3 0-1

[Event "Kronborg Chess Open 2022 Master 3"]
[Site "Helsingor"]
[Date "2022.05.29"]
[Round "6"]
[White "Bazilius, Augustinas"]
[Black "Agnello, Francesco Claudio"]
[Result "1/2-1/2"]
[WhiteElo "2025"]
[BlackElo "2030"]
[PlyCount "46"]
[EventDate "2022.05.26"]
[EventType "tourn"]
[EventRounds "7"]
[EventCountry "DEN"]

1. d4 d5 2. c4 c6 3. Nf3 Nf6 4. g3 e6 5. Bg2 Nbd7 6. Nbd2 Be7 7. O-O O-O 8. Qc2
b6 9. e4 Bb7 10. cxd5 cxd5 11. e5 Ne8 12. Re1 a5 13. Nf1 Nc7 14. Ng5 g6 15. h4
Rc8 16. Qd1 Ne8 17. Nh2 Ng7 18. Ng4 Nf5 19. Bf1 Re8 20. Bd3 Bf8 21. Bxf5 exf5
22. Ne3 f6 23. exf6 Nxf6 1/2-1/2

[Event "Kronborg Chess Open 2022 Master 3"]
[Site "Helsingor"]
[Date "2022.05.29"]
[Round "6"]
[White "Perrenet, Jacob"]
[Black "Brattgjerd, Isak Vinh"]
[Result "0-1"]
[WhiteElo "2072"]
[BlackElo "2039"]
[PlyCount "106"]
[EventDate "2022.05.26"]
[EventType "tourn"]
[EventRounds "7"]
[EventCountry "DEN"]

1. Nc3 d5 2. d4 Nf6 3. Nf3 Bf5 4. e3 e6 5. Bd3 c6 6. O-O Nbd7 7. Re1 Ne4 8. Qe2
Bd6 9. Bd2 h5 10. Rad1 g5 11. Ne5 Nxe5 12. dxe5 Bxe5 13. f3 Nxc3 14. Bxc3 Bxc3
15. bxc3 Qf6 16. Rb1 Bxd3 17. cxd3 O-O-O 18. Rb3 Rdg8 19. Reb1 b6 20. d4 Qe7
21. c4 g4 22. f4 Qb7 23. Rc3 Kb8 24. a4 Qa6 25. Qc2 dxc4 26. Rxc4 Rc8 27. Rc1
Qb7 28. Qe4 Rhd8 29. Qe5+ Ka8 30. Qxh5 f5 31. Qg6 Qd7 32. Qf6 Kb7 33. Kf2 Qd5
34. a5 Rd7 35. Ra4 b5 36. a6+ Kb6 37. Raa1 Qb3 38. Qe5 Qd5 39. Qf6 Rh7 40. Rc5
Qb3 41. Rac1 Rd7 42. R1c3 Qa2+ 43. Rc2 Qb3 44. Qe5 Rcc7 45. e4 fxe4 46. Rxc6+
Rxc6 47. Rxc6+ Ka5 48. d5 Rxd5 49. Qa1+ Qa4 50. Qe1+ b4 51. Rxe6 Qa2+ 52. Kg1
Rd2 53. Qf1 Qxe6 0-1

[Event "Kronborg Chess Open 2022 Master 3"]
[Site "Helsingor"]
[Date "2022.05.29"]
[Round "6"]
[White "Jonsson, Gauti Pall"]
[Black "Gregor, Bjarke"]
[Result "1/2-1/2"]
[WhiteElo "2065"]
[BlackElo "2083"]
[PlyCount "145"]
[EventDate "2022.05.26"]
[EventType "tourn"]
[EventRounds "7"]
[EventCountry "DEN"]

1. c4 e6 2. Nf3 d5 3. e3 Nf6 4. Nc3 Be7 5. b3 O-O 6. Bb2 c5 7. cxd5 exd5 8. d4
Nc6 9. Be2 b6 10. O-O Bb7 11. dxc5 bxc5 12. Na4 Ne4 13. Nd2 Rc8 14. Rc1 Qa5 15.
Nxe4 dxe4 16. Bc4 g6 17. Qg4 Nb4 18. Qh3 Nd3 19. Bc3 Qd8 20. Rcd1 Bf6 21. Bxf6
Qxf6 22. f3 Ne5 23. fxe4 Qg5 24. Bd5 Ba6 25. Rfe1 c4 26. bxc4 Bxc4 27. Rd4 Ba6
28. Bb3 Nd3 29. Rd1 Nc1 30. Rd5 Qf6 31. Qf3 Qxf3 32. gxf3 Be2 33. R1d4 Bxf3 34.
Kf2 Nxb3 35. axb3 Bg4 36. Ra5 Rc7 37. Nc5 Rfc8 38. b4 Kg7 39. Kg3 Be6 40. Rd6
Bc4 41. Rd4 Be2 42. h3 Rb8 43. Kf2 Bb5 44. Kf3 Rb6 45. Ra2 a6 46. e5 Re7 47.
Kf4 h6 48. Rd6 Rb8 49. Rad2 Bf1 50. R2d4 Bxh3 51. Rxa6 g5+ 52. Kg3 Bc8 53. Rc6
Rxe5 54. Rd8 Rxb4 55. Rcxc8 Rxe3+ 56. Kf2 Ra3 57. Nd3 Rb6 58. Rd7 Rf6+ 59. Ke3
Kg6 60. Rg8+ Kf5 61. Rf8 Ke6 62. Rd4 Ke7 63. Rfd8 Re6+ 64. Kf3 Kf6 65. Rf8 h5
66. Rd7 Re7 67. Rd6+ Kg7 68. Rfd8 f6 69. Rd5 Kf7 70. Kg3 Re4 71. Kf3 Rf4+ 72.
Ke3 Rh4 73. R8d7+ 1/2-1/2